| Tag |
First Indicator |
Second Indicator |
Subfields |
| LEADER |
00000cam a2200000Ii 4500 |
| 001 |
in00004356321 |
| 005 |
20210304144551.0 |
| 006 |
m o d |
| 007 |
cr cnu---unuuu |
| 008 |
181217t20192019enk o 000 0 eng d |
| 019 |
|
|
|a 1079847089
|
| 020 |
|
|
|a 1788013875
|q (electronic bk.)
|
| 020 |
|
|
|a 9781788013871
|q (electronic bk.)
|
| 020 |
|
|
|z 1788013719
|
| 020 |
|
|
|z 9781788013710
|
| 035 |
|
|
|a (OCoLC)1079055453
|z (OCoLC)1079847089
|
| 035 |
|
|
|a (OCoLC)on1079055453
|
| 035 |
|
|
|a 6432908
|
| 040 |
|
|
|a N$T
|b eng
|e rda
|e pn
|c N$T
|d EBLCP
|d UKRSC
|d N$T
|d UIU
|d OCLCF
|d YDX
|d OCLCQ
|d K6U
|
| 049 |
|
|
|a TXAM
|
| 050 |
|
4 |
|a TA418.9.N35
|
| 072 |
|
7 |
|a TEC
|x 009000
|2 bisacsh
|
| 072 |
|
7 |
|a TEC
|x 035000
|2 bisacsh
|
| 082 |
0 |
4 |
|a 620.1/15
|2 23
|
| 245 |
0 |
0 |
|a Nanoscience.
|n Volume 5 /
|c editors: P. John Thomas, Neerish Revaprasadu.
|
| 264 |
|
1 |
|a [Cambridge] :
|b Royal Society of Chemistry,
|c [2019]
|
| 264 |
|
4 |
|c ©2019
|
| 300 |
|
|
|a 1 online resource
|
| 336 |
|
|
|a text
|b txt
|2 rdacontent
|
| 337 |
|
|
|a computer
|b c
|2 rdamedia
|
| 338 |
|
|
|a online resource
|b cr
|2 rdacarrier
|
| 490 |
1 |
|
|a Specialist periodical report
|
| 588 |
0 |
|
|a Online resource; title from PDF title page (EBSCO, viewed January 2, 2019)
|
| 650 |
|
0 |
|a Nanostructured materials.
|
| 650 |
|
7 |
|a Nanostructured materials.
|2 fast
|0 (OCoLC)fst01032630
|
| 650 |
|
7 |
|a TECHNOLOGY & ENGINEERING
|x Engineering (General)
|2 bisacsh
|
| 650 |
|
7 |
|a TECHNOLOGY & ENGINEERING
|x Reference.
|2 bisacsh
|
| 655 |
|
7 |
|a Electronic books.
|2 local
|
| 700 |
1 |
|
|a Revaprasadu, Neerish,
|e editor.
|
| 700 |
1 |
|
|a Thomas, P. John,
|e editor.
|
| 776 |
0 |
8 |
|i Print version:
|t Nanoscience. Volume 5.
|d [Cambridge] : Royal Society of Chemistry, [2019]
|z 1788013719
|z 9781788013710
|w (OCoLC)1036730228
|
| 830 |
|
0 |
|a Specialist periodical report.
|
| 856 |
4 |
0 |
|u http://proxy.library.tamu.edu/login?url=https://dx.doi.org/10.1039/9781788013871
|z Connect to the full text of this electronic book
|t 0
|
| 955 |
|
|
|a RSC eBooks
|
| 994 |
|
|
|a 92
|b TXA
|
| 999 |
f |
f |
|s 05a748dc-a597-3d10-9bbe-f2c6bb472636
|i aafa451b-db00-371d-bdc3-2030f0cdbad3
|t 0
|
| 952 |
f |
f |
|a Texas A&M University
|b College Station
|c Electronic Resources
|d Available Online
|t 0
|e TA418.9.N35
|h Library of Congress classification
|
| 998 |
f |
f |
|a TA418.9.N35
|t 0
|l Available Online
|